| 000 | 00548nam a2200169 i 4500 | ||
|---|---|---|---|
| 001 | 129456 | ||
| 003 | ES-MaACL | ||
| 005 | 20230906193514.0 | ||
| 007 | t| | ||
| 008 | 070615s1914 sp ||||1| spa d | ||
| 100 | 1 |
_aTerry y Rivas, Antonio. _9109807 |
|
| 245 | 1 | 0 |
_aEjercicios de Trigonometría / _cpor Antonio Terry y Rivas ; cuarta edición corregida y adaptada a los nuevos programas por M. Durán. |
| 260 |
_aMadrid : _bFortanet, _c1914. |
||
| 300 |
_a233 p. : _bil. ; _c23 cm. |
||
| 700 | 1 |
_aDurán, M. _946192 |
|
| 852 |
_aES-MaACL _jF-5674 |
||
| 999 |
_c129456 _d129456 |
||